The Asians : Their heritage and their destiny

Gorde:
Xehetasun bibliografikoak
Egile nagusia: Welty, Paul Thomas
Formatua: Liburua
Hizkuntza:Undetermined
Argitaratua: Philadelphia Lippincott 1963
Gaiak:
Etiketak: Etiketa erantsi
Etiketarik gabe, Izan zaitez lehena erregistro honi etiketa jartzen!
Thư viện lưu trữ: Trung tâm Học liệu Trường Đại học Cần Thơ
LEADER 00538nam a2200205Ia 4500
001 CTU_88404
008 210402s9999 xx 000 0 und d
082 |a 915 
082 |b W464 
100 |a Welty, Paul Thomas 
245 4 |a The Asians : 
245 0 |b Their heritage and their destiny 
245 0 |c Paul Thomas Welty 
260 |a Philadelphia 
260 |b Lippincott 
260 |c 1963 
650 |a Civilization, oriental. 
650 |z Asia 
904 |i Năm,Hải 
980 |a Trung tâm Học liệu Trường Đại học Cần Thơ